| 000 | 00516 a2200205 4500 | ||
|---|---|---|---|
| 001 | 070781 | ||
| 003 | OSt | ||
| 005 | 20230517104459.0 | ||
| 008 | |||
| 020 | _a9780470512340 | ||
| 082 |
_a547.1226 _bS32S |
||
| 100 | 1 | _aSteed, Jonathan W. | |
| 245 | 1 |
_aSupramolecular chemistry _cby Jonathan W. Steed |
|
| 250 | _a2nd ed. | ||
| 260 |
_aUK _bJohn Wiley & Sons _c2009 |
||
| 300 | _a970p. | ||
| 690 | _aSupramolecular chemistry | ||
| 700 | _aJerry L. Atwood | ||
| 942 |
_2ddc _cBK |
||
| 999 |
_c4206 _d4206 |
||